Regional planning guidance for the South East (RPG 9) (Record no. 101272)
[ view plain ]
| 000 -LEADER | |
|---|---|
| fixed length control field | 01149cam a2200313 4500 |
| 008 - FIXED-LENGTH DATA ELEMENTS--GENERAL INFORMATION | |
| fixed length control field | 000000n2001 000 0 eng u |
| 020 ## - INTERNATIONAL STANDARD BOOK NUMBER | |
| International Standard Book Number | 0117535621 |
| 035 ## - SYSTEM CONTROL NUMBER | |
| System control number | (Sirsi) u111650 |
| 050 ## - LIBRARY OF CONGRESS CALL NUMBER | |
| Classification number | 711.309422 |
| 110 ## - MAIN ENTRY--CORPORATE NAME | |
| Corporate name or jurisdiction name as entry element | Government Office for the South East |
| 9 (RLIN) | 4067 |
| 245 ## - TITLE STATEMENT | |
| Title | Regional planning guidance for the South East (RPG 9) |
| 250 ## - EDITION STATEMENT | |
| Edition statement | Revised ed. |
| 260 ## - PUBLICATION, DISTRIBUTION, ETC. | |
| Place of publication, distribution, etc. | London |
| Name of publisher, distributor, etc. | Stationery Office |
| Date of publication, distribution, etc. | 2001 |
| 300 ## - PHYSICAL DESCRIPTION | |
| Extent | 112p. ; 30cm. |
| 350 ## - PRICE (NR) (BK AM CF MU VM SE) [OBSOLETE] | |
| Price | 18.00 |
| 490 ## - SERIES STATEMENT | |
| Series statement | RPG |
| Volume/sequential designation | 9 |
| 520 ## - SUMMARY, ETC. | |
| Summary, etc. | Supersedes 1994 edition (ISBN 0117528889). |
| 520 ## - SUMMARY, ETC. | |
| Summary, etc. | View RPG9 at www.go-se.gov.uk. |
| 650 ## - SUBJECT ADDED ENTRY--TOPICAL TERM | |
| Topical term or geographic name entry element | RPG9 |
| 650 ## - SUBJECT ADDED ENTRY--TOPICAL TERM | |
| Topical term or geographic name entry element | REGIONAL PLANNING GUIDANCE |
| 650 ## - SUBJECT ADDED ENTRY--TOPICAL TERM | |
| Topical term or geographic name entry element | REGIONAL PLANNING |
| 650 ## - SUBJECT ADDED ENTRY--TOPICAL TERM | |
| Topical term or geographic name entry element | SOUTHEAST ENGLAND |
| 690 ## - LOCAL SUBJECT ADDED ENTRY--TOPICAL TERM (OCLC, RLIN) | |
| Topical term or geographic name as entry element | PLANNING-PLANNING LAW |
| 710 ## - ADDED ENTRY--CORPORATE NAME | |
| Corporate name or jurisdiction name as entry element | Government Office for East of England |
| 9 (RLIN) | 4068 |
| 710 ## - ADDED ENTRY--CORPORATE NAME | |
| Corporate name or jurisdiction name as entry element | Government Office for London |
| 9 (RLIN) | 2574 |
| 710 ## - ADDED ENTRY--CORPORATE NAME | |
| Corporate name or jurisdiction name as entry element | United Kingdom |
| Subordinate unit | Department of the Environment, Transport and the Regions |
| 9 (RLIN) | 3507 |
| 856 ## - ELECTRONIC LOCATION AND ACCESS | |
| Uniform Resource Identifier | <a href="https://www.go-se.gov.uk/key%20business/planning/downloads/final%20rpg9%20report.pdf">https://www.go-se.gov.uk/key%20business/planning/downloads/final%20rpg9%20report.pdf</a> |
| Public note | View RPG9 on the Government Office for the South East website (pdf)... |
| 942 ## - ADDED ENTRY ELEMENTS (KOHA) | |
| Suppress in OPAC | 0 |
| Withdrawn status | Lost status | Source of classification or shelving scheme | Damaged status | Not for loan | Home library | Current library | Shelving location | Date acquired | Cost, normal purchase price | Total Checkouts | Full call number | Barcode | Date last seen | Copy number | Cost, replacement price | Price effective from | Koha item type | Date last checked out |
|---|---|---|---|---|---|---|---|---|---|---|---|---|---|---|---|---|---|---|
| Dewey Decimal Classification | London | London | Enquiry desk | 11/04/2001 | 18.00 | BOXED SET | 30064035 | 06/08/2019 | 1 | 18.00 | 06/08/2019 | Reference material | ||||||
| Dewey Decimal Classification | London | London | Enquiry desk | 11/04/2001 | 3 | BOXED SET | 30064037 | 06/08/2019 | 2 | 06/08/2019 | Book | 30/09/2002 | ||||||
| Dewey Decimal Classification | London | London | Boxed set | 17/04/2001 | 18.00 | BOXED SET | 30063908 | 06/08/2019 | 3 | 18.00 | 06/08/2019 | Book | ||||||
| Dewey Decimal Classification | Virtual | Virtual | Online | 16/09/2003 | ONLINE PUBLICATION | 111650-2001 | 06/08/2019 | 1 | 06/08/2019 | Book |